00306nam a2200121Ia 4500003000400000005001700004008004100021020001800062040002100080100002300101245003100124260002900155OSt20240109124714.0170524s9999 xx 000 0 und d a9788183561730 cIIMT UNIVERSITY  aDR. PRASAD- GOVIND 0aPATRAKARITA KE VIVIDH AYAM bDISCOVERY PUB. NEW DELHI